[Event "Mar del Plata Schools 19th"]
[Site "Mar del Plata"]
[Date "2013.11.23"]
[Round "1.3"]
[White "Cadilhac, Igor Tokuichi Kikuc"]
[Black "Dos Ramos, Daniel"]
[Result "1-0"]
[WhiteElo "2034"]
[BlackElo "1470"]
[PlyCount "71"]
[EventDate "2013.11.23"]
[EventType "team-tourn"]
[EventRounds "9"]
[EventCountry "ARG"]
[SourceTitle "CBM 157 Extra"]
[Source "ChessBase"]
[SourceDate "2013.12.19"]
[SourceVersion "1"]
[SourceVersionDate "2013.12.19"]
[SourceQuality "1"]
[WhiteTeam "Brazil"]
[BlackTeam "Surinam"]
[WhiteTeamCountry "BRA"]
[BlackTeamCountry "SUR"]

1. e4 e5 2. Nf3 d6 3. d4 f6 4. Bc4 Nd7 5. c3 Nb6 6. Bb3 Bg4 7. 0-0 Ne7 8. Nxe5 dxe5 9. Qxg4 exd4 10. Qe6 Qd7 11. Qf7+ Kd8 12. Rd1 d3 13. Bc2 Qg4 14. Rxd3+ Nd7 15. Nd2 Qg6 16. Qe6 Qe8 17. Ba4 c6 18. Nc4 Nc8 19. Qxe8+ Kxe8 20. Bc2 Nc5 21. Rd1 b5 22. Na5 Ne7 23. Be3 Ne6 24. Bb3 Ng5 25. f3 h6 26. Nb7 Ng6 27. Nd6+ Bxd6 28. Rxd6 Ne5 29. Rad1 Ngf7 30. Re6+ Kf8 31. Bc5+ Kg8 32. Re7 a6 33. Be6 Kf8 34. Rxf7+ Ke8 35. Re7+ Kf8 36. Ra7+ 1-0